| 000 | 00748nam a22001937a 4500 | ||
|---|---|---|---|
| 999 |
_c4219 _d4219 |
||
| 003 | AR-CdUCM | ||
| 008 | 190308b ||||| |||| 00| 0 spa d | ||
| 040 |
_aMUNICIPALIDAD PROVINCIAL DEL CUSCO _cBIBLIOTECA MUNICIPAL DEL CUSCO |
||
| 082 |
_a759.989 / _bG22 |
||
| 100 |
_aGarcía Puig, María Jesús _913358 |
||
| 245 |
_aJoaquín Torres García y el universalismo constructivo : _bla enseñanza del arte en Uruguay / $cMaría Jesús García Puig ; prólogo de Julio María Sanguinetti. / |
||
| 260 |
_aMadrid : _bEds. de Cultura Hispánica, _c1990. |
||
| 300 |
_a356 páginas ; _c24 cm. |
||
| 650 |
_aArte Uruguayo _913359 |
||
| 650 |
_aPedagogia del Arte _913360 |
||
| 650 |
_aCorriente Universalista _913361 |
||
| 942 |
_2ddc _cLIBROS |
||
| 945 | _artm | ||